Books for the people : (Record no. 68670)
[ view plain ]
| 000 -LEADER | |
|---|---|
| fixed length control field | 00878cam1a220021700 4500 |
| 001 - CONTROL NUMBER | |
| control field | tmp15783344 |
| 003 - CONTROL NUMBER IDENTIFIER | |
| control field | UPRA |
| 005 - DATE AND TIME OF LATEST TRANSACTION | |
| control field | 20190815105922.0 |
| 008 - FIXED-LENGTH DATA ELEMENTS--GENERAL INFORMATION | |
| fixed length control field | 951027s1981 tz eng u |
| 035 ## - SYSTEM CONTROL NUMBER | |
| System control number | (Sirsi) r35143 |
| 035 ## - SYSTEM CONTROL NUMBER | |
| System control number | (UPRA)tmp15783344 |
| 040 ## - CATALOGING SOURCE | |
| Transcribing agency | UPRA |
| 100 1# - MAIN ENTRY--PERSONAL NAME | |
| Personal name | Broome, M. |
| Linkage | A98168.1 |
| 245 10 - TITLE STATEMENT | |
| Title | Books for the people : |
| Remainder of title | an experiment in library service in Tanganyika. |
| 260 ## - PUBLICATION, DISTRIBUTION, ETC. | |
| Place of publication, distribution, etc. | [Dar es Salaam, |
| Date of publication, distribution, etc. | 1981?] |
| 490 1# - SERIES STATEMENT | |
| Series statement | Tanzania Library Service. Occasional papers ; |
| Volume/sequential designation | no. 17 |
| 500 ## - GENERAL NOTE | |
| General note | Based on a table given at a Conference on Library Work in Africa, Norrkoping, Sweden, Tuesday, 31st August, 1965. Revised November 1965. |
| 810 2# - SERIES ADDED ENTRY--CORPORATE NAME | |
| Corporate name or jurisdiction name as entry element | Huduma za Maktaba za Taifa Tanzania. Occasional papers ; |
| Title of a work | Huduma za Maktaba za Taifa Tanzania. Occasional papers ; |
| Volume/sequential designation | no. 17 |
| Linkage | S5540.1 |
| 949 ## - LOCAL PROCESSING INFORMATION (OCLC) | |
| a | L5(O8) Oc.Pap/17 |
| w | lcc |
| m | MAIN |
| t | BOOK |
| l | ON-SHELF |
No items available.